000 00411nam a22001577a 4500
003 NUST - PNEC
005 20170116180928.0
008 150905b xxu||||| |||| 00| 0 eng d
040 _cLIBRARY
082 _a621.3 SHA
100 _98056
_aShahane, Prof.
245 _aSolved problemin electrical engineering
_cPorf. Shahane
260 _c1968
650 _98058
_aElectrical engineering
_xEE
942 _2ddc
_cBK
999 _c65802
_d65802